000 00657nas a2200241 4500
001 BR9602533
003 BR-BrBNA
005 20231205094724.0
007 ta
008 230509b bl.|||p| |||| 00| 00por d
040 _aBR-BrBNA
_bpor
_cBiblioteca Nacional de Agricultura
041 _a(Pt)
072 _aE71
100 1 _aAnon.
245 1 _aE pau e pedra no caminho da acacia
650 _aAcacia Negra
650 _aTanino
650 _aPlanta para Curtume
650 _aExportacao
773 0 _tGranja (Brazil)
_xISSN 0367-505x
_g(Nov 1994), v. 50(553) p. 42-46
_wBR9602533
909 _a202311
_bLúcia
_c55
_dLúcia Elande
942 _2AGRIS
_n0
_cANA
999 _c146373
_d146373